| 000 | 00821cam a22002651 4500 | ||
|---|---|---|---|
| 999 |
_c18509 _d18509 |
||
| 001 | 10351186 | ||
| 003 | BDDh-ASL | ||
| 005 | 20231015025718.0 | ||
| 008 | 720926s1966 ii b 000 0 eng | ||
| 010 | _asa 67000922 | ||
| 025 | _aPL480:I-E-6848 | ||
| 035 | _a(OCoLC)415020 | ||
| 040 |
_aDLC _cOAU _dBDDh-ASL _dDLC |
||
| 042 | _apremarc | ||
| 050 | 0 | 0 |
_aJQ211 _b.A8 1966 |
| 082 |
_a954.02 _bALM |
||
| 100 | 2 | _aAthar Ali, M. | |
| 245 | 1 | 4 |
_aThe Mughal nobility under Aurangzeb/ _cby M. Athar Ali. |
| 260 |
_aBombay: _aNew York: _bPublished for the Dept. of History, Aligarh Muslim University, _b[by] Asia Pub. House, _c1966. |
||
| 300 |
_ax, 294 p. _c25 cm. |
||
| 504 | _aBibliography: p. 273-278. | ||
| 650 | 0 |
_aNobility _zMogul Empire. |
|
| 906 |
_a7 _bcbc _coclcrpl _du _encip _f19 _gy-gencatlg |
||
| 942 |
_2ddc _cBK |
||